[Event "Titled Tuesday intern op 25th Jul Early"]
[Site "Chess.com INT"]
[Date "2023.07.25"]
[Round "9"]
[White "Galiot, Goran"]
[Black "Erzhanov, Arman"]
[Result "0-1"]
[WhiteElo "2257"]
[BlackElo "2198"]
[PlyCount "138"]
[EventDate "2023.07.25"]
[EventType "swiss (blitz)"]
[EventRounds "11"]
[EventCountry "USA"]
[SourceTitle "EXT 2024"]
[Source "ChessBase"]
[SourceDate "2023.10.10"]
[SourceVersion "1"]
[SourceVersionDate "2023.10.10"]
[SourceQuality "1"]

1. d4 d6 2. c4 e5 3. d5 Be7 4. Nc3 Bg5 5. e4 Na6 6. Bd3 Nc5 7. Bc2 a5 8. Nge2 Bxc1 9. Qxc1 Nf6 10. 0-0 0-0 11. f3 Nh5 12. g4 Nf6 13. Ng3 h6 14. Qd2 Nh7 15. Kg2 Re8 16. Rh1 Nf8 17. Nce2 Ng6 18. Nf5 Qg5 19. Qxg5 hxg5 20. b3 Bd7 21. Kf2 Ra7 22. a3 Rea8 23. Ne3 Nh4 24. Nc1 g6 25. Nd3 Nxd3+ 26. Bxd3 b6 27. Nd1 Kg7 28. Nc3 f5 29. gxf5 gxf5 30. exf5 Bxf5 31. Be4 Rf8 32. Ke2 Bxe4 33. fxe4 Rf3 34. Rac1 Ra8 35. Rhf1 Raf8 36. b4 axb4 37. axb4 Rh3 38. Rxf8 Kxf8 39. Rf1+ Ke7 40. Nb5 Rxh2+ 41. Kd3 g4 42. Rg1 Rh3+ 43. Ke2 g3 44. Nxc7 Rh2+ 45. Ke3 g2 46. Na8 Rh3+ 47. Kf2 Rf3+ 48. Ke2 Rb3 49. Nxb6 Rxb4 50. Nc8+ Kd7 51. Na7 Rxc4 52. Nc6 Rxe4+ 53. Kf2 Rf4+ 54. Kg3 Nf5+ 55. Kxg2 Ne3+ 56. Kg3 Nxd5 57. Na5 Rb4 58. Rd1 Nc3 59. Rd3 Ne2+ 60. Kf2 Nd4 61. Ra3 d5 62. Ke3 Kd6 63. Kd3 Nb5 64. Ra1 e4+ 65. Ke3 Nc7 66. Ra3 Ne6 67. Nb3 Ke5 68. Ra6 Rxb3+ 69. Kd2 Nd4 0-1

[Event "Titled Tuesday intern op 18th Jul Early"]
[Site "Chess.com INT"]
[Date "2023.07.18"]
[Round "3"]
[White "Galiot, Goran"]
[Black "Antipov, Mikhail Al"]
[Result "0-1"]
[WhiteElo "2257"]
[BlackElo "2606"]
[PlyCount "60"]
[EventDate "2023.07.18"]
[EventType "swiss (blitz)"]
[EventRounds "11"]
[EventCountry "USA"]
[SourceTitle "EXT 2024"]
[Source "ChessBase"]
[SourceDate "2023.10.10"]
[SourceVersion "1"]
[SourceVersionDate "2023.10.10"]
[SourceQuality "1"]

1. d4 Nf6 2. c4 e6 3. Nc3 Bb4 4. f3 Nc6 5. e4 e5 6. a3 Bxc3+ 7. bxc3 h6 8. Be3 0-0 9. Bd3 b6 10. Ne2 Ba6 11. 0-0 d6 12. Ng3 Na5 13. Qe2 Qd7 14. Nf5 Kh7 15. f4 Rae8 16. fxe5 dxe5 17. d5 Ng8 18. Rf3 Ne7 19. Nxg7 Kxg7 20. Bxh6+ Kxh6 21. Rh3+ Kg7 22. Rf1 Ng6 23. Qh5 Rh8 24. Qg5 Qe7 25. Qg3 Rxh3 26. Qxh3 Rh8 27. Qg3 Bxc4 28. Bxc4 Nxc4 29. Rf5 Nd6 30. Rg5 Nxe4 0-1

[Event "Titled Tuesday intern op 18th Jul Early"]
[Site "Chess.com INT"]
[Date "2023.07.18"]
[Round "2"]
[White "Galiot, Goran"]
[Black "Barwinska, Ewa"]
[Result "1-0"]
[WhiteElo "2257"]
[BlackElo "2029"]
[PlyCount "61"]
[EventDate "2023.07.18"]
[EventType "swiss (blitz)"]
[EventRounds "11"]
[EventCountry "USA"]
[SourceTitle "EXT 2024"]
[Source "ChessBase"]
[SourceDate "2023.10.10"]
[SourceVersion "1"]
[SourceVersionDate "2023.10.10"]
[SourceQuality "1"]

1. d4 d5 2. c4 e6 3. Nf3 Nf6 4. Bg5 Nbd7 5. e3 c6 6. Nc3 Qa5 7. Nd2 Bb4 8. Qc2 h6 9. Bh4 0-0 10. Bd3 Bxc3 11. bxc3 b5 12. c5 Qc7 13. Bg3 e5 14. Nf3 Re8 15. Nxe5 Nxe5 16. Bxe5 Rxe5 17. dxe5 Qxe5 18. h3 Qg5 19. f4 Qh5 20. 0-0 Bxh3 21. gxh3 Qxh3 22. Bf5 Qxe3+ 23. Qf2 Qxc3 24. Rac1 Qa3 25. Rce1 Rd8 26. Re3 Qb4 27. Rg3 Nh5 28. Rg2 d4 29. Qh4 g6 30. Qxh5 Qxc5 31. Bxg6 1-0

[Event "Titled Tuesday intern op 18th Jul Early"]
[Site "Chess.com INT"]
[Date "2023.07.18"]
[Round "6"]
[White "Korol, Dimitry"]
[Black "Galiot, Goran"]
[Result "0-1"]
[WhiteElo "2287"]
[BlackElo "2257"]
[PlyCount "80"]
[EventDate "2023.07.18"]
[EventType "swiss (blitz)"]
[EventRounds "11"]
[EventCountry "USA"]
[SourceTitle "EXT 2024"]
[Source "ChessBase"]
[SourceDate "2023.10.10"]
[SourceVersion "1"]
[SourceVersionDate "2023.10.10"]
[SourceQuality "1"]

1. d4 Nf6 2. c4 g6 3. Nc3 Bg7 4. e4 d6 5. Nf3 0-0 6. Be2 Nfd7 7. 0-0 e5 8. Re1 a5 9. Bf1 Nc6 10. d5 Ncb8 11. b3 f5 12. a3 Nc5 13. Nd2 Bh6 14. Rb1 a4 15. b4 Bxd2 16. Bxd2 Nb3 17. Bh6 Rf7 18. Nxa4 Nd4 19. Be3 Qf6 20. Nc3 Rxa3 21. Bxd4 exd4 22. Nb5 fxe4 23. Nxa3 Qxf2+ 24. Kh1 Bf5 25. Re2 Qh4 26. Qxd4 Nd7 27. Rbe1 Nf6 28. Nb5 Ng4 29. h3 Nf6 30. Nc3 Nh5 31. Kg1 Ng3 32. Re3 Qg5 33. Qd2 Bxh3 34. Qc2 Qf4 35. gxh3 Nxf1 36. R3e2 Ng3 37. Rg2 e3 38. Qd3 Nf5 39. Ne4 h6 40. Rf1 Qe5 0-1

[Event "Titled Tuesday intern op 18th Jul Early"]
[Site "Chess.com INT"]
[Date "2023.07.18"]
[Round "11"]
[White "Seder, Mohamad"]
[Black "Galiot, Goran"]
[Result "1-0"]
[WhiteElo "2077"]
[BlackElo "2257"]
[PlyCount "67"]
[EventDate "2023.07.18"]
[EventType "swiss (blitz)"]
[EventRounds "11"]
[EventCountry "USA"]
[SourceTitle "EXT 2024"]
[Source "ChessBase"]
[SourceDate "2023.10.10"]
[SourceVersion "1"]
[SourceVersionDate "2023.10.10"]
[SourceQuality "1"]

1. c4 Nf6 2. Nc3 g6 3. g3 Bg7 4. Bg2 d6 5. e4 e5 6. d3 0-0 7. f4 exf4 8. gxf4 Nh5 9. Nf3 f5 10. e5 Re8 11. 0-0 dxe5 12. fxe5 f4 13. d4 Nc6 14. Re1 Bg4 15. Nd5 Rf8 16. Re4 Bf5 17. Re2 Be6 18. Rd2 Bxd5 19. cxd5 Qxd5 20. Ng5 Qd7 21. Qb3+ Kh8 22. Qxb7 f3 23. Bh3 Qe7 24. Nxf3 Na5 25. Qe4 Rf4 26. Qxa8+ Rf8 27. Qe4 Nf4 28. Bf1 c5 29. Rf2 g5 30. Bd2 Nc6 31. Qxc6 cxd4 32. Qe4 Qe6 33. Nxg5 Qg4+ 34. Rg2 1-0

[Event "Titled Tuesday intern op 18th Jul Early"]
[Site "Chess.com INT"]
[Date "2023.07.18"]
[Round "8"]
[White "Ugarte Soto, Cesar"]
[Black "Galiot, Goran"]
[Result "0-1"]
[WhiteElo "2088"]
[BlackElo "2257"]
[PlyCount "94"]
[EventDate "2023.07.18"]
[EventType "swiss (blitz)"]
[EventRounds "11"]
[EventCountry "USA"]
[SourceTitle "EXT 2024"]
[Source "ChessBase"]
[SourceDate "2023.10.10"]
[SourceVersion "1"]
[SourceVersionDate "2023.10.10"]
[SourceQuality "1"]

1. d4 Nf6 2. Bg5 Ne4 3. Bf4 d5 4. Nd2 Bf5 5. e3 e6 6. f3 Nd6 7. Bd3 Bg6 8. Ne2 Nd7 9. 0-0 c6 10. e4 Be7 11. Bxd6 Bxd6 12. e5 Be7 13. f4 Qb6 14. Kh1 c5 15. Bxg6 hxg6 16. c3 cxd4 17. Nxd4 Nc5 18. Qe2 a6 19. b3 0-0-0 20. a4 Kb8 21. a5 Qc7 22. b4 Ne4 23. Nxe4 dxe4 24. Rfc1 g5 25. b5 axb5 26. Nxb5 Qc6 27. Nd4 Qd5 28. a6 b6 29. a7+ Ka8 30. Re1 gxf4 31. Qxe4 Qxe4 32. Rxe4 g5 33. h3 Rc8 34. Nb5 Rc5 35. c4 Rhc8 36. Ra4 Rd8 37. h4 Rd1+ 38. Kh2 Rd2 39. Kh3 Rd3+ 40. Kh2 f3 41. gxf3 Rxf3 42. hxg5 Bxg5 43. Rg4 Bd8 44. Rg8 Rd3 45. Nc7+ Rxc7 46. Ra3 Rxa3 47. Rxd8+ Kxa7 0-1

[Event "Belgrade Trophy 32nd"]
[Site "Belgrade"]
[Date "2018.11.24"]
[Round "1"]
[White "Kanov, Nikola"]
[Black "Galiot, Goran"]
[Result "1/2-1/2"]
[WhiteElo "1917"]
[BlackElo "2305"]
[PlyCount "51"]
[EventDate "2018.11.24"]
[EventType "swiss"]
[EventRounds "9"]
[EventCountry "SRB"]
[SourceTitle "CBM 187 Extra"]
[Source "ChessBase"]
[SourceDate "2018.11.04"]
[SourceVersion "1"]
[SourceVersionDate "2018.11.04"]
[SourceQuality "1"]

1. e4 c5 2. Nf3 e6 3. d4 cxd4 4. Nxd4 Nf6 5. Nc3 Nc6 6. Nxc6 bxc6 7. e5 Nd5 8. Ne4 Ba6 9. c4 Bb4+ 10. Bd2 Qh4 11. Qf3 f5 12. Nd6+ Bxd6 13. cxd5 Bxf1 14. exd6 Bc4 15. dxc6 Bd5 16. cxd7+ Kxd7 17. Qf4 Qg4 18. Qxg4 fxg4 19. 0-0 Kxd6 20. Bc3 Rhg8 21. Rfe1 g6 22. Rac1 Rac8 23. a3 Kd7 24. Rcd1 Rc4 25. Rd4 Rgc8 26. Red1 1/2-1/2

[Event "Belgrade-chT Premier"]
[Site "Belgrade"]
[Date "2017.09.25"]
[Round "7.3"]
[White "Galiot, Goran"]
[Black "Cvetkovic, Srdjan"]
[Result "1-0"]
[WhiteElo "2331"]
[BlackElo "2251"]
[PlyCount "127"]
[EventDate "2017.09.18"]
[EventType "team"]
[EventRounds "9"]
[EventCountry "SRB"]
[SourceTitle "EXT 2018"]
[Source "ChessBase"]
[SourceDate "2017.10.13"]
[SourceVersion "1"]
[SourceVersionDate "2017.10.13"]
[SourceQuality "1"]
[WhiteTeam "Grocka"]
[BlackTeam "Belgrade Radnicki"]
[WhiteTeamCountry "SRB"]
[BlackTeamCountry "SRB"]

1. d4 Nf6 2. c4 e6 3. Nc3 d5 4. Bg5 Nbd7 5. e3 c6 6. Nf3 Qa5 7. Bxf6 Nxf6 8. Nd2 Bb4 9. Qc2 0-0 10. Bd3 Re8 11. f4 c5 12. 0-0 cxd4 13. exd4 dxc4 14. Nxc4 Qd8 15. Rad1 Qxd4+ 16. Kh1 Bxc3 17. Bxh7+ Nxh7 18. Rxd4 Bxd4 19. Rd1 Bf6 20. Qa4 Rf8 21. Nb6 axb6 22. Qxa8 e5 23. Rc1 Be6 24. Qxb7 exf4 25. Qxb6 Bxa2 26. b4 f3 27. Qa5 fxg2+ 28. Kxg2 Be6 29. Rd1 Rc8 30. b5 Rc2+ 31. Rd2 Bd5+ 32. Kf2 Bh4+ 33. Ke2 Bc4+ 34. Kd1 Rxd2+ 35. Kxd2 Bxb5 36. Qxb5 g6 37. Kd3 Bf6 38. Ke4 Kg7 39. Kd5 Bc3 40. Qb3 Nf6+ 41. Kd6 Bd4 42. Qc4 Bb2 43. Qb3 Bd4 44. h4 Ng8 45. Qd1 Bf6 46. h5 gxh5 47. Qxh5 Kf8 48. Qh7 Be7+ 49. Ke5 Bf6+ 50. Kf5 Be7 51. Qh2 Bf6 52. Ke4 Ne7 53. Qh6+ Bg7 54. Qd6 f5+ 55. Kf4 Kf7 56. Kg5 Bb2 57. Qb6 Bc1+ 58. Kh5 Bf4 59. Qd4 Bb8 60. Qc4+ Kf8 61. Qd4 Kf7 62. Kg5 Bh2 63. Qf6+ Ke8 64. Qh8+ 1-0

[Event "SRB-chT quality"]
[Site "Belgrade"]
[Date "2010.10.28"]
[Round "8"]
[White "Galiot, Goran"]
[Black "Hrzic, Ivan"]
[Result "1/2-1/2"]
[WhiteElo "2341"]
[BlackElo "2273"]
[PlyCount "131"]
[EventDate "2010.10.09"]
[EventType "team-tourn"]
[EventRounds "11"]
[EventCountry "YUG"]
[SourceTitle "EXT 2011"]
[Source "ChessBase"]
[SourceDate "2010.11.26"]
[SourceVersion "1"]
[SourceVersionDate "2010.11.26"]
[SourceQuality "1"]

1. d4 d5 2. c4 Nc6 3. Nf3 Bg4 4. Nc3 e6 5. cxd5 exd5 6. Bf4 Bd6 7. Qd2 Nge7 8. h3 Bxf3 9. gxf3 Bxf4 10. Qxf4 0-0 11. h4 Nb4 12. 0-0-0 Qd7 13. h5 Rad8 14. Bh3 f5 15. Rhg1 Qd6 16. Qg5 Qf6 17. f4 Rf7 18. Qxf6 Rxf6 19. Rg3 c6 20. Re3 Kf7 21. Rg1 Rg8 22. Na4 Na6 23. a3 b5 24. Nc3 Nc7 25. Rd3 Ne6 26. e3 Rh6 27. Bg2 Rxh5 28. Ne2 g5 29. Ng3 Rh6 30. fxg5 Nxg5 31. Rdd1 Ne4 32. Bxe4 fxe4 33. Rh1 Rgg6 34. Kd2 a5 35. a4 Ke6 36. b4 axb4 37. a5 Rxh1 38. Rxh1 Rg8 39. Rh6+ Ng6 40. Rxh7 Ra8 41. Rh6 Kf6 42. Kc2 Rxa5 43. Kb3 Ra3+ 44. Kxb4 Ra2 45. Rh2 Rc2 46. Ka5 Ra2+ 47. Kb6 Rc2 48. Rh1 b4 49. Rb1 Ke6 50. Rxb4 Rxf2 51. Nh5 Kd6 52. Kb7 Rf5 53. Rb6 Rf7+ 54. Ka6 Ne7 55. Nf4 Rf8 56. Kb7 Rf7 57. Ka6 Rg7 58. Rb8 Ng6 59. Nh5 Rh7 60. Rg8 Nh8 61. Nf6 Rh1 62. Kb7 Rb1+ 63. Kc8 Nf7 64. Rg6 Nh8 65. Nxe4+ Ke7 66. Rg8 1/2-1/2

[Event "Belgrade-chT"]
[Site "Belgrade"]
[Date "2009.10.09"]
[Round "6"]
[White "Galiot, Goran"]
[Black "Stankovic, Milos"]
[Result "1/2-1/2"]
[WhiteElo "2396"]
[BlackElo "2306"]
[PlyCount "60"]
[EventDate "2009.10.04"]
[EventType "team-tourn"]
[EventRounds "9"]
[EventCountry "YUG"]
[SourceTitle "CBM 132 Extra"]
[Source "ChessBase"]
[SourceDate "2009.11.03"]
[SourceVersion "1"]
[SourceVersionDate "2009.11.03"]
[SourceQuality "1"]

1. d4 Nf6 2. c4 c5 3. d5 b5 4. a4 b4 5. b3 d6 6. Bb2 e5 7. Qc2 g6 8. e4 Bg7 9. Nd2 0-0 10. Bd3 Nbd7 11. Ne2 Qe7 12. f3 a5 13. g4 Re8 14. Ng3 Nf8 15. 0-0-0 N6d7 16. h4 h6 17. Rdg1 Rb8 18. h5 Nb6 19. Ndf1 Bd7 20. Ne3 Qg5 21. Qd2 Nh7 22. hxg6 fxg6 23. Ngf5 Bf8 24. Bc2 Kf7 25. Kb1 Rb7 26. Qh2 gxf5 27. gxf5 Qxe3 28. Bc1 Qc3 29. Bb2 Qe3 30. Bc1 Qc3 1/2-1/2

[Event "Belgrade-chT"]
[Site "Belgrade"]
[Date "2009.10.06"]
[Round "3"]
[White "Todorovic, Goran N"]
[Black "Galiot, Goran"]
[Result "1-0"]
[WhiteElo "2384"]
[BlackElo "2396"]
[PlyCount "61"]
[EventDate "2009.10.04"]
[EventType "team-tourn"]
[EventRounds "9"]
[EventCountry "YUG"]
[SourceTitle "CBM 132 Extra"]
[Source "ChessBase"]
[SourceDate "2009.11.03"]
[SourceVersion "1"]
[SourceVersionDate "2009.11.03"]
[SourceQuality "1"]

1. d4 Nf6 2. c4 g6 3. Nc3 Bg7 4. e4 d6 5. h3 c6 6. Be3 Nbd7 7. Nf3 a6 8. a3 0-0 9. Be2 c5 10. 0-0 cxd4 11. Nxd4 Nc5 12. Qc2 Bd7 13. Rfd1 Rc8 14. b4 Ne6 15. e5 dxe5 16. Nxe6 fxe6 17. Na4 Bxa4 18. Qxa4 Qe8 19. Qb3 Qf7 20. Ra2 Rcd8 21. Rxd8 Rxd8 22. Rd2 Rf8 23. Qc2 e4 24. Qd1 Ne8 25. c5 Nc7 26. Bc4 Be5 27. Rd7 Bf4 28. Rxc7 Bxe3 29. fxe3 Qf2+ 30. Kh1 Qxe3 31. Rxe7 1-0